Veinte bienales colombianas de arquitectura 1962-2006 / (Registro nro. 11152)

Detalles MARC
000 -LEADER
fixed length control field 01362nam a2200301 4500
001 - CONTROL NUMBER
control field 0000013853
003 - CONTROL NUMBER IDENTIFIER
control field CO-CtgCURN
005 - DATE AND TIME OF LATEST TRANSACTION
control field 20250329191019.0
007 - PHYSICAL DESCRIPTION FIXED FIELD--GENERAL INFORMATION
fixed length control field ta
008 - FIXED-LENGTH DATA ELEMENTS--GENERAL INFORMATION
fixed length control field 160627s2006 000 0 eng d
020 ## - INTERNATIONAL STANDARD BOOK NUMBER
International Standard Book Number 9789589658796
040 ## - CATALOGING SOURCE
Original cataloging agency CO-CtgCURN
Language of cataloging spa
Transcribing agency coctgcurn
082 0# - DEWEY DECIMAL CLASSIFICATION NUMBER
Classification number 720.986
Item number S15bi
100 1# - MAIN ENTRY--PERSONAL NAME
Personal name Saldarriaga Roa, Alberto.
245 10 - TITLE STATEMENT
Title Veinte bienales colombianas de arquitectura 1962-2006 /
Statement of responsibility, etc. Alberto Saldarriaga Roa, German Tellez Castañeda.
260 ## - PUBLICATION, DISTRIBUTION, ETC.
Place of publication, distribution, etc. Bogotá :
Name of publisher, distributor, etc. Zona y Sociedad Colombiana de Arquitectos,
Date of publication, distribution, etc. 2006.
300 ## - PHYSICAL DESCRIPTION
Extent 205 p.
336 ## - CONTENT TYPE
Source rdacontent
337 ## - MEDIA TYPE
Source rdamedia
Media type term sin mediacion
Media type code n
338 ## - CARRIER TYPE
Source rdacarrier
Carrier type term volumen
Carrier type code nc
504 ## - BIBLIOGRAPHY, ETC. NOTE
Bibliography, etc. note Bibliografia (p. 196-201)
505 8# - FORMATTED CONTENTS NOTE
Formatted contents note Que es la arquitectura?.--Compromisos maximos.--Notas para una historia informal de las bienales colombianas de arquitectua.--Modernizacion y progreso e inmovecion.--Globalizacion, sostenibilidad y arquitectura.--Los premios de arquitectura y diseño arquitectonico 1962-2006.--Urbanismo.--La Investigación en las bienales.--El patrimonio inmueble.--Otras categorias.--Fotografias
650 14 - SUBJECT ADDED ENTRY--TOPICAL TERM
Topical term or geographic name entry element Arquitectura colombiana
Chronological subdivision 1962-2006.
700 1# - ADDED ENTRY--PERSONAL NAME
Personal name Tellez Castañeda, German.
908 ## - PUT COMMAND PARAMETER (RLIN)
Put command parameter 160627
942 ## - ADDED ENTRY ELEMENTS (KOHA)
Koha item type Libros
Classification part 720.986
Item part S15bi
Source of classification or shelving scheme Dewey Decimal Classification
Existencias
Withdrawn status Lost status Source of classification or shelving scheme Damaged status Not for loan Collection Home library Current library Shelving location Date acquired Inventory number Total checkouts Full call number Barcode Date last seen Price effective from Koha item type Public note
    Dewey Decimal Classification     General Miguel Henríquez Castañeda Miguel Henríquez Castañeda General 03/29/2025 011966   720.986 S15bi 011966 03/29/2025 03/29/2025 Libros 720-ARQPAI